[Event "Steyr Landesliga 1819"]
[Site "Austria"]
[Date "2018.10.06"]
[Round "1.6"]
[White "Handler, Franz"]
[Black "Reiss, Georg"]
[Result "1/2-1/2"]
[WhiteElo "1834"]
[BlackElo "2129"]
[PlyCount "41"]
[EventDate "2018.10.06"]
[EventType "team-tourn"]
[EventRounds "11"]
[EventCountry "AUT"]
[SourceTitle "CBM 187 Extra"]
[Source "ChessBase"]
[SourceDate "2018.11.04"]
[SourceVersion "1"]
[SourceVersionDate "2018.11.04"]
[SourceQuality "1"]
[WhiteTeam "Fuerstenfeld/Hartberg"]
[BlackTeam "Leoben"]
[WhiteTeamCountry "AUT"]
[BlackTeamCountry "AUT"]

1. d4 g6 2. c4 Bg7 3. Nc3 Nf6 4. e4 d6 5. Nf3 0-0 6. Be2 e5 7. dxe5 dxe5 8. Qxd8 Rxd8 9. Bg5 Re8 10. 0-0 c6 11. h3 Nbd7 12. Rfd1 Nc5 13. Nd2 Ne6 14. Be3 Nd4 15. Bd3 Nd7 16. b4 b6 17. a4 a5 18. b5 Nc5 19. Bb1 Be6 20. bxc6 Rac8 21. Nd5 1/2-1/2

[Event "Steyr Landesliga 1617"]
[Site "Austria"]
[Date "2016.10.01"]
[Round "1.7"]
[White "Handler, Franz"]
[Black "Kainz, Josef"]
[Result "1-0"]
[WhiteElo "1817"]
[BlackElo "1919"]
[PlyCount "103"]
[EventDate "2016.10.01"]
[EventType "team-tourn"]
[EventRounds "11"]
[EventCountry "AUT"]
[SourceTitle "CBM 175 Extra"]
[Source "ChessBase"]
[SourceDate "2016.12.12"]
[SourceVersion "1"]
[SourceVersionDate "2016.12.12"]
[SourceQuality "1"]
[WhiteTeam "Fuerstenfeld/Hartberg"]
[BlackTeam "Austria"]
[WhiteTeamCountry "AUT"]
[BlackTeamCountry "AUT"]

1. d4 Nf6 2. c4 g6 3. Nc3 d5 4. cxd5 Nxd5 5. e4 Nxc3 6. bxc3 Bg7 7. Bc4 c5 8. Ne2 Nc6 9. Be3 0-0 10. 0-0 Qc7 11. Rc1 Rd8 12. f3 Na5 13. Bd3 c4 14. Bb1 b5 15. Qe1 e6 16. Kh1 Nc6 17. Bf4 e5 18. Bg3 Qa5 19. d5 Ne7 20. Bh4 Qc7 21. Rd1 a5 22. Qd2 Ra6 23. h3 h6 24. Bc2 g5 25. Bg3 Ng6 26. Bf2 Nf4 27. Ng3 h5 28. Be3 h4 29. Ne2 Rad6 30. Qe1 Rh6 31. Qf2 b4 32. Rfe1 Kh8 33. Rd2 Ba6 34. Nxf4 gxf4 35. Bc5 bxc3 36. Rdd1 Rc8 37. Ba3 Bf8 38. Bxf8 Rxf8 39. Rb1 Rc8 40. Red1 Kg7 41. Qe1 Rg8 42. Qxc3 Kh7 43. Rd2 Rg3 44. d6 Qd7 45. Qxe5 c3 46. Qxc3 Rhg6 47. e5 Bd3 48. Qxd3 Qe6 49. Qf5 Qxa2 50. Rb7 Qa1+ 51. Kh2 Rxh3+ 52. Qxh3 1-0

[Event "Steyr Landesliga 1415"]
[Site "Austria"]
[Date "2014.11.08"]
[Round "4.7"]
[White "Kolm, Robert"]
[Black "Handler, Franz"]
[Result "1/2-1/2"]
[WhiteElo "1942"]
[BlackElo "1850"]
[PlyCount "89"]
[EventDate "2014.09.27"]
[EventType "team-tourn"]
[EventRounds "11"]
[EventCountry "AUT"]
[SourceTitle "EXT 2016"]
[Source "ChessBase"]
[SourceDate "2015.10.08"]
[SourceVersion "1"]
[SourceVersionDate "2015.10.08"]
[SourceQuality "1"]
[WhiteTeam "Graz Schachamazonen"]
[BlackTeam "Fuerstenfeld/Hartberg"]
[WhiteTeamCountry "AUT"]
[BlackTeamCountry "AUT"]

1. e4 c6 2. d4 d5 3. e5 Bf5 4. Be3 e6 5. Nd2 Nd7 6. Ngf3 Bb4 7. a3 Ba5 8. b4 Bc7 9. Be2 Ne7 10. Nh4 Bg6 11. f4 Nf5 12. Nxf5 Bxf5 13. 0-0 h5 14. Bf2 g6 15. Nf3 Bg4 16. Bh4 Qc8 17. h3 Bxf3 18. Bxf3 Bd8 19. Bf2 Be7 20. g4 hxg4 21. hxg4 Nb6 22. Kg2 Nc4 23. Qe2 b5 24. c3 a5 25. Bg3 Kd7 26. Rfe1 Qf8 27. Qf2 Qg7 28. Be2 Nb6 29. Bd3 Rh6 30. f5 gxf5 31. gxf5 Bh4 32. Re3 Rg8 33. bxa5 Na4 34. Rf1 Ke8 35. Bc2 Rh5 36. Qe1 Rg5 37. Rff3 Kd7 38. f6 Qh6 39. Bxa4 bxa4 40. Qb1 Bxg3 41. Qb7+ Kd8 42. Qb8+ Kd7 43. Qd6+ Kc8 44. Qxc6+ Kd8 45. Qd6+ 1/2-1/2

[Event "Graz Casino op-B"]
[Site "Graz"]
[Date "2014.02.20"]
[Round "8"]
[White "Handler, Franz"]
[Black "Landl, Margot"]
[Result "1/2-1/2"]
[WhiteElo "1871"]
[BlackElo "1774"]
[PlyCount "24"]
[EventDate "2014.02.14"]
[EventType "swiss"]
[EventRounds "9"]
[EventCountry "AUT"]
[SourceTitle "CBM 158 Extra"]
[Source "ChessBase"]
[SourceDate "2014.02.28"]
[SourceVersion "1"]
[SourceVersionDate "2014.02.28"]
[SourceQuality "1"]

1. d4 Nf6 2. Nf3 e6 3. e3 b6 4. Bd3 Bb7 5. Qe2 d5 6. Nbd2 Be7 7. 0-0 0-0 8. e4 dxe4 9. Nxe4 Nbd7 10. Re1 Nxe4 11. Bxe4 Bxe4 12. Qxe4 Nf6 1/2-1/2

[Event "Graz op-B"]
[Site "Graz"]
[Date "2008.09.07"]
[Round "9"]
[White "Handler, Franz"]
[Black "Mitt, Hando"]
[Result "1/2-1/2"]
[WhiteElo "1897"]
[BlackElo "1826"]
[PlyCount "140"]
[EventDate "2008.08.30"]
[EventType "swiss"]
[EventRounds "9"]
[EventCountry "AUT"]
[SourceTitle "EXT 2022"]
[Source "ChessBase"]
[SourceDate "2021.10.06"]
[SourceVersion "1"]
[SourceVersionDate "2021.10.06"]
[SourceQuality "1"]

1. d4 Nf6 2. c4 e6 3. Nf3 Bb4+ 4. Bd2 Be7 5. g3 b6 6. Bg2 Bb7 7. 0-0 Na6 8. Nc3 c5 9. e3 0-0 10. Qe2 Ne4 11. Nxe4 Bxe4 12. a3 Nc7 13. Rfc1 Bf6 14. Ne5 Bxg2 15. Kxg2 d5 16. Bc3 dxc4 17. Qxc4 Qd5+ 18. Qxd5 Nxd5 19. Nd7 Rfc8 20. Nxf6+ gxf6 21. dxc5 bxc5 22. e4 Nxc3 23. Rxc3 Rc6 24. Rd1 Kf8 25. Rd2 Ke7 26. b4 Rac8 27. b5 Rb6 28. a4 a6 29. bxa6 Rxa6 30. Rdc2 Rxa4 31. Rxc5 Rxc5 32. Rxc5 Rxe4 33. Rh5 Kf8 34. Rxh7 Kg8 35. Rh5 f5 36. h3 f6 37. Kf3 Ra4 38. g4 fxg4+ 39. hxg4 Ra3+ 40. Kg2 Kg7 41. Rb5 e5 42. g5 Kg6 43. gxf6 Kxf6 44. Rb6+ Kf5 45. Rb8 Ra2 46. Rf8+ Ke4 47. Rh8 Rb2 48. Rg8 Kd5 49. Rd8+ Ke6 50. Re8+ Kf6 51. Kg3 Rb3+ 52. Kg2 Kf5 53. Rf8+ Ke4 54. Rg8 Rf3 55. Ra8 Rf5 56. f3+ Ke3 57. Ra3+ Kf4 58. Ra4+ Kg5 59. Ra6 Rf4 60. Ra8 Rf6 61. Rg8+ Rg6 62. Rf8 Kh6+ 63. Kf2 Kg5 64. Ke3 Rf6 65. Rg8+ Kf5 66. Ra8 Rb6 67. Rf8+ Rf6 68. Rxf6+ Kxf6 69. Ke4 Ke6 70. f4 exf4 1/2-1/2

[Event "Graz op-B"]
[Site "Graz"]
[Date "2008.09.06"]
[Round "8"]
[White "Schreiner, Philipp"]
[Black "Handler, Franz"]
[Result "1/2-1/2"]
[WhiteElo "1825"]
[BlackElo "1897"]
[PlyCount "48"]
[EventDate "2008.08.30"]
[EventType "swiss"]
[EventRounds "9"]
[EventCountry "AUT"]
[SourceTitle "EXT 2022"]
[Source "ChessBase"]
[SourceDate "2021.10.06"]
[SourceVersion "1"]
[SourceVersionDate "2021.10.06"]
[SourceQuality "1"]

1. e4 c6 2. d4 d5 3. Nc3 dxe4 4. Nxe4 Bf5 5. Ng3 Bg6 6. Nf3 Nd7 7. Bc4 e6 8. Bf4 Ngf6 9. c3 Nd5 10. Qd2 Nxf4 11. Qxf4 Nb6 12. Bb3 Bd6 13. Qe3 Nd5 14. Bxd5 cxd5 15. Ne5 Qc7 16. 0-0 0-0 17. f4 b5 18. f5 exf5 19. Nxf5 Bxe5 20. Qxe5 Qxe5 21. dxe5 Bxf5 22. Rxf5 Rae8 23. a4 g6 24. Rf6 b4 1/2-1/2

[Event "AUT-chT2S 9697"]
[Site "Austria"]
[Date "1996.??.??"]
[Round "3"]
[White "Pitzel, K."]
[Black "Handler, Franz"]
[Result "1-0"]
[WhiteElo "2055"]
[BlackElo "1885"]
[PlyCount "49"]
[EventDate "1996.??.??"]
[EventType "team"]
[EventRounds "11"]
[EventCountry "AUT"]
[SourceTitle "EXT 1999"]
[Source "ChessBase"]
[SourceDate "1998.11.16"]
[SourceVersion "1"]
[SourceVersionDate "1998.11.16"]
[SourceQuality "1"]

1. e4 g6 2. d4 Bg7 3. Nc3 c6 4. Nf3 d5 5. e5 Bg4 6. Be2 Nd7 7. h3 Bxf3 8. Bxf3 e6 9. 0-0 Ne7 10. Ne2 c5 11. c3 Nc6 12. Nf4 0-0 13. g3 c4 14. Bg2 Rb8 15. h4 b5 16. Qg4 Re8 17. h5 Nf8 18. h6 Bh8 19. Re1 b4 20. Nh5 Nd7 21. Nf4 Ne7 22. Nxe6 fxe6 23. Qxe6+ Kf8 24. Bg5 Qb6 25. Qxd7 1-0